Corpus des amphores romaines produites dans les centres de mer Noire : collections des musées de la côte turque de la mer Noire (Eregli, Amasra, Sinop, Samsun, Giresun, Ordu, Trabzon et Amasya) /
The Black Sea cities of Turkey's northern coast - Eregli, Amasra, Sinop, Samsun, Giresun, Ordu, and others - feature museums holding important collections of amphorae. Their state of preservation is exceptional since the majority were recovered intact from the sea. This volume brings them toget...
المؤلف الرئيسي:
التنسيق: كتاب الكتروني
اللغة: French
منشور في:
Oxford :
Archaeopress Publishing Ltd,
2020.
سلاسل:
Archaeopress Roman archaeology ;
74.
الموضوعات:
الوصول للمادة أونلاين: Login to view Source
الوسوم: إضافة وسم
رقم الطلب: DS156
| LEADER | 02266nam a2200445 i 4500 | ||
|---|---|---|---|
| 001 | EDZ0002411786 | ||
| 003 | StDuBDS | ||
| 005 | 20230412182856.0 | ||
| 006 | m|||||o||d|||||||| | ||
| 007 | cr ||||||||||| | ||
| 008 | 201124s2020 enkab fob 001|0|fre|d | ||
| 020 | |a 9781789696981 (PDF ebook) : |c No price | ||
| 040 | |a StDuBDS |b eng |c StDuBDS |e rda |e pn | ||
| 050 | 4 | |a DS156 | |
| 082 | 0 | 4 | |a 939.2 |2 23 |
| 100 | 1 | |a Tezgör, Dominique Kassab, |e author. | |
| 245 | 1 | 0 | |a Corpus des amphores romaines produites dans les centres de mer Noire : |b collections des musées de la côte turque de la mer Noire (Eregli, Amasra, Sinop, Samsun, Giresun, Ordu, Trabzon et Amasya) / |c Dominique Kassab Tezgör. |
| 264 | 1 | |a Oxford : |b Archaeopress Publishing Ltd, |c 2020. | |
| 300 | |a 1 online resource (198 pages) : |b illustrations (colour), maps (colour). | ||
| 336 | |a text |2 rdacontent | ||
| 336 | |a still image |2 rdacontent | ||
| 336 | |a cartographic image |2 rdacontent | ||
| 337 | |a computer |2 rdamedia | ||
| 338 | |a online resource |2 rdacarrier | ||
| 490 | 1 | |a Archaeopress Roman archaeology ; |v 74 | |
| 500 | |a Also issued in print: 2020. | ||
| 504 | |a Includes bibliographical references and index. | ||
| 520 | 8 | |a The Black Sea cities of Turkey's northern coast - Eregli, Amasra, Sinop, Samsun, Giresun, Ordu, and others - feature museums holding important collections of amphorae. Their state of preservation is exceptional since the majority were recovered intact from the sea. This volume brings them together for analysis in light of recent investigations. | |
| 521 | |a Specialized. | ||
| 588 | |a Description based on online resource; title from PDF title page (viewed on January 27, 2021). | ||
| 650 | 0 | |a Excavations (Archaeology) |z Turkey |z Black Sea Coast. | |
| 650 | 0 | |a Amphoras |z Turkey |z Black Sea Coast. | |
| 651 | 0 | |a Black Sea Coast (Turkey) |x Antiquities, Roman. | |
| 651 | 0 | |a Black Sea Coast (Turkey) |x History. | |
| 776 | 0 | 8 | |i Print version : |z 9781789696974 |
| 830 | 0 | |a Archaeopress Roman archaeology ; |v 74. | |
| 856 | 4 | 0 | |3 Archaeopress |u http://library.arce.org:8087/Archaeopress/Products/9781789696974 |
| 942 | |2 lcc |c EBOOK | ||
| 952 | |0 0 |1 0 |4 0 |6 DS0156 |7 1 |9 46732 |a ARCH |b ARCH |d 2023-04-12 |l 0 |o DS156 |r 2023-04-12 00:00:00 |w 2023-04-12 |y EBOOK | ||
| 999 | |c 52390 |d 52390 | ||
